00349nam a2200109Ia 4500008004100000082000800041100001800049245005300067942000600120952009800126999001500224240331s9999 xx 000 0 und d bENC aBarnard, A. e 0aEncyclopedia of social and cultural anthropology cL 001040708LaWERCLbWERCLcSSCd2024-03-31l0o 306.03 ENCp2433r2024-03-31w2024-03-31yL c3256d3256